| 000 | 00534nam a2200205Ia 4500 | ||
|---|---|---|---|
| 003 | OSt | ||
| 005 | 20250301110654.0 | ||
| 008 | 210210b1969 xxu||||| |||| 00| 0 eng d | ||
| 040 | _cAL | ||
| 041 | _ahin | ||
| 082 | _aH891.2 LAXK | ||
| 100 |
_aLAXMINARAYANLAL _9203167 |
||
| 110 |
_bलक्ष्मीनारायण लाल _9203168 |
||
| 245 |
_aKalanki: _bकलंकी |
||
| 260 |
_aDilli _bNational Publishing House _c1969 |
||
| 300 | _a64 | ||
| 690 |
_aHindi Drama _9203169 |
||
| 906 | _a029252 | ||
| 942 |
_2ddc _cBK |
||
| 999 |
_c80473 _d80473 |
||